000 00546nam a22001697a 4500
003 OSt
005 20171010095453.0
008 120629t xxu||||| |||| 00| 0 eng d
040 _aMMSU
_cULS
100 _aGalut, Marisa S.
_910914
245 _aA Comparative study of XXX and Imbestigador
_cMarisa S. Galut
260 _c2008
300 _aviii, [81] leaves
_c28 cm.
500 _aThesis (AB English Studies) -- Mariano Marcos State University-College of Arts and Sciences, Batac City
504 _aBibliography: leaf 62
942 _2ddc
_cTHEDIS
999 _c9612
_d9612